[Event "Titled Tuesday intern op 19th May"]
[Site "Chess.com INT"]
[Date "2020.05.19"]
[Round "1"]
[White "Torrente, Alejandro Josue"]
[Black "Rosen, Eric S"]
[Result "0-1"]
[WhiteElo "2072"]
[BlackElo "2353"]
[PlyCount "178"]
[EventDate "2020.05.19"]
[EventType "swiss (blitz)"]
[EventRounds "10"]
[EventCountry "USA"]
[SourceTitle "EXT 2021"]
[Source "ChessBase"]
[SourceDate "2020.10.23"]
[SourceVersion "1"]
[SourceVersionDate "2020.10.23"]
[SourceQuality "1"]

1. e4 c5 2. Nf3 e6 3. d4 cxd4 4. Nxd4 Nc6 5. Nxc6 bxc6 6. Bd3 d5 7. Qe2 Nf6 8. Nd2 Be7 9. Nf3 dxe4 10. Bxe4 Nxe4 11. Qxe4 Qd5 12. Qg4 0-0 13. 0-0 e5 14. Qh5 e4 15. Qxd5 cxd5 16. Nd4 Rb8 17. Nc6 Rb7 18. Nxe7+ Rxe7 19. Be3 Rc7 20. c3 Be6 21. Rfd1 Rb7 22. b4 Rc8 23. Bd4 f6 24. a4 Kf7 25. b5 Rc4 26. Rdb1 Bd7 27. Rb4 Rc8 28. Rab1 Bf5 29. R1b2 Ke8 30. a5 Rbc7 31. b6 axb6 32. axb6 Rb7 33. Rb5 Be6 34. f3 f5 35. Kf2 Kd8 36. h4 g6 37. Ke3 Kd7 38. Kf4 Kd6 39. Be5+ Kc6 40. Bc7 Ra8 41. Ke5 Bg8 42. Kd4 Ra4+ 43. R5b4 Ra1 44. Rb5 Rd1+ 45. Ke3 Rd3+ 46. Kf2 Rxc3 47. Ra5 d4 48. Ra8 Be6 49. Re8 Kd7 50. Rd8+ Ke7 51. Rxd4 Rcxc7 52. fxe4 fxe4 53. Rxe4 Rc6 54. Reb4 Bd5 55. Re2+ Re6 56. Rd2 Bc6 57. g4 h5 58. gxh5 gxh5 59. Kg3 Rf6 60. Rb3 Ke6 61. Re3+ Kf7 62. Rb2 Rb8 63. Rc3 Rg8+ 64. Kh2 Rb8 65. Rbc2 Be4 66. Rc7+ Kg6 67. R2c4 Bf5 68. R7c6 Rxb6 69. Rxb6 Rxb6 70. Rc7 Rf6 71. Kg3 Bg4 72. Rc5 Rf3+ 73. Kg2 Rh3 74. Rg5+ Kh6 75. Rd5 Rxh4 76. Rd6+ Kg5 77. Rd5+ Kg6 78. Kg3 Rh3+ 79. Kg2 Rf3 80. Rd6+ Rf6 81. Rd4 Kg5 82. Rd5+ Rf5 83. Rd8 Kf4 84. Rd4+ Kg5 85. Rd8 Ra5 86. Rg8+ Kh4 87. Kg1 Ra2 88. Rd8 Kg3 89. Kf1 Ra1+ 0-1

[Event "Titled Tuesday intern op 14th April"]
[Site "Chess.com INT"]
[Date "2020.04.14"]
[Round "8"]
[White "Torrente, Alejandro Josue"]
[Black "Skuhala, Jernej"]
[Result "0-1"]
[WhiteElo "2072"]
[BlackElo "2163"]
[PlyCount "182"]
[EventDate "2020.04.14"]
[EventType "swiss (blitz)"]
[EventRounds "10"]
[EventCountry "USA"]
[SourceTitle "EXT 2021"]
[Source "ChessBase"]
[SourceDate "2020.10.23"]
[SourceVersion "1"]
[SourceVersionDate "2020.10.23"]
[SourceQuality "1"]

1. e4 c6 2. d4 d5 3. Nc3 dxe4 4. Nxe4 Nf6 5. Nxf6+ exf6 6. Bc4 Bd6 7. Nf3 0-0 8. 0-0 Na6 9. Bxa6 bxa6 10. h3 Re8 11. Be3 Be6 12. Re1 a5 13. Qd3 a4 14. c4 g6 15. Rad1 Rb8 16. Re2 Qa5 17. b3 axb3 18. axb3 Bf5 19. Qd2 Qxd2 20. Nxd2 Bb4 21. Ra1 Bc3 22. Rxa7 Bd3 23. Re1 Bxd4 24. Rd7 Bxe3 25. Rxe3 Rxe3 26. fxe3 Bc2 27. Rc7 Rd8 28. Nf3 Rd1+ 29. Kf2 Bxb3 30. Rxc6 Rc1 31. c5 Rc2+ 32. Kg3 Bd5 33. Rxf6 Rxc5 34. Rd6 Kg7 35. Nd4 Ra5 36. Kf4 Bxg2 37. h4 Bh3 38. Kg3 Bf1 39. Rd7 Bc4 40. Rc7 Bd5 41. Rd7 h6 42. Kf4 Kf6 43. e4 Bc4 44. Rc7 Ra4 45. e5+ Kg7 46. Ke3 Kg8 47. Rc8+ Kg7 48. Rc7 Kf8 49. Rc8+ Ke7 50. Rh8 Ra3+ 51. Ke4 Bd3+ 52. Kf4 Ra4 53. Ke3 Bc4 54. Rxh6 Bd5 55. Rh8 Ra3+ 56. Kd2 Rh3 57. Rb8 Rxh4 58. Ke3 Rh3+ 59. Kf4 Rd3 60. Nb5 Bc6 61. Na7 Bd7 62. Rb7 Rd4+ 63. Ke3 Rd1 64. Nc6+ Ke6 65. Nd4+ Ke7 66. Nc6+ Kf8 67. Rc7 Bxc6 68. Rxc6 Re1+ 69. Kf4 Kg7 70. Rb6 Rf1+ 71. Ke4 g5 72. Rb3 Kg6 73. Rb6+ Kh5 74. Rb7 g4 75. Rb8 g3 76. Rh8+ Kg4 77. Rg8+ Kh3 78. Rh8+ Kg2 79. Ke3 Kg1 80. Ke2 g2 81. Rg8 Rf5 82. Ke3 Rxe5+ 83. Kf3 Rf5+ 84. Ke4 Rf6 85. Rg3 Rg6 86. Rf3 Kh2 87. Rf2 Kh1 88. Rxf7 g1Q 89. Rh7+ Qh2 90. Rxh2+ Kxh2 91. Kf5 Rg3 0-1

[Event "Uniagraria AlphaZero op 2nd"]
[Site "Uniagraria"]
[Date "2019.11.10"]
[Round "4"]
[White "Correa, Flavio"]
[Black "Torrente, Alejandro Josue"]
[Result "0-1"]
[WhiteElo "1776"]
[BlackElo "2071"]
[PlyCount "42"]
[EventDate "2019.11.08"]
[EventType "swiss"]
[EventRounds "7"]
[EventCountry "COL"]
[SourceTitle "CBM 193 Extra"]
[Source "ChessBase"]
[SourceDate "2020.01.31"]
[SourceVersion "1"]
[SourceVersionDate "2020.01.31"]
[SourceQuality "1"]

1. d4 d5 2. Nf3 Nf6 3. h3 c5 4. Bf4 Nc6 5. e3 Qb6 6. Nc3 a6 7. Rb1 cxd4 8. exd4 Bf5 9. Bd3 Bxd3 10. Qxd3 e6 11. 0-0 Rc8 12. a3 Be7 13. b4 0-0 14. Na4 Qb5 15. Qxb5 axb5 16. Nb2 Ra8 17. Ra1 Ra7 18. Nd3 Rfa8 19. Bc1 Nxb4 20. Bb2 Nxc2 21. Rfc1 Nxa1 0-1

[Event "Uniagraria AlphaZero op 2nd"]
[Site "Uniagraria"]
[Date "2019.11.09"]
[Round "3"]
[White "Torrente, Alejandro Josue"]
[Black "Pardo Sierra, Aurelio"]
[Result "0-1"]
[WhiteElo "2071"]
[BlackElo "1955"]
[PlyCount "72"]
[EventDate "2019.11.08"]
[EventType "swiss"]
[EventRounds "7"]
[EventCountry "COL"]
[SourceTitle "CBM 193 Extra"]
[Source "ChessBase"]
[SourceDate "2020.01.31"]
[SourceVersion "1"]
[SourceVersionDate "2020.01.31"]
[SourceQuality "1"]

1. e4 c6 2. d4 d5 3. Nc3 dxe4 4. Nxe4 Bf5 5. Ng3 Bg6 6. h4 h6 7. Nf3 Nd7 8. h5 Bh7 9. Bd3 Bxd3 10. Qxd3 e6 11. Bd2 Ngf6 12. 0-0-0 Be7 13. Kb1 a5 14. Rhe1 0-0 15. Ne4 Nxe4 16. Qxe4 Nf6 17. Qe2 Qb6 18. g4 a4 19. Ka1 a3 20. b3 Rfd8 21. g5 hxg5 22. Bxg5 Ra5 23. Rg1 Rxg5 24. Rxg5 Nd5 25. Rg4 Bf6 26. Rd3 Nb4 27. Rd2 c5 28. c3 Nc6 29. Qe4 Qa5 30. Rd3 cxd4 31. cxd4 Qxh5 32. Kb1 Qb5 33. Rd1 g6 34. Rxg6+ fxg6 35. Qxg6+ Bg7 36. Rg1 Qf5+ 0-1

[Event "Titled Tuesday intern op 1st Oct"]
[Site "Chess.com INT"]
[Date "2019.10.01"]
[Round "1"]
[White "Zwirs, Nico"]
[Black "Torrente, Alejandro Josue"]
[Result "1/2-1/2"]
[WhiteElo "2421"]
[BlackElo "2071"]
[PlyCount "114"]
[EventDate "2019.10.01"]
[EventType "swiss (blitz)"]
[EventRounds "10"]
[EventCountry "USA"]
[SourceTitle "EXT 2021"]
[Source "ChessBase"]
[SourceDate "2020.10.23"]
[SourceVersion "1"]
[SourceVersionDate "2020.10.23"]
[SourceQuality "1"]

1. e4 e5 2. Nf3 Nc6 3. Bc4 Bc5 4. c3 Nf6 5. d3 a6 6. Nbd2 Ba7 7. h3 d6 8. Bb3 Be6 9. 0-0 h6 10. Bxe6 fxe6 11. Re1 0-0 12. Nf1 Qe8 13. Be3 Nh5 14. d4 Nf4 15. Ng3 Qf7 16. a4 Nxh3+ 17. gxh3 Qxf3 18. Qxf3 Rxf3 19. Kg2 Rf7 20. Rad1 Raf8 21. Re2 exd4 22. cxd4 e5 23. Nf5 Nxd4 24. Nxd4 Bxd4 25. Bxd4 exd4 26. Rxd4 Rf3 27. Rc2 R8f7 28. Rdc4 Rb3 29. Rxc7 Rxc7 30. Rxc7 Rxb2 31. Rd7 Rb4 32. f3 Rxa4 33. Rxb7 Rd4 34. Ra7 Ra4 35. Kg3 g5 36. Rd7 Rd4 37. Kf2 Kf8 38. Ke3 Rd1 39. Rh7 a5 40. Rxh6 a4 41. Rh8+ Kg7 42. Ra8 Ra1 43. Ra6 a3 44. Kf2 a2 45. Kg2 Kf7 46. Kh2 Ke6 47. Ra5 Rf1 48. Rxa2 Rxf3 49. Ra5 Kf6 50. Rd5 Re3 51. Rxd6+ Ke5 52. Rd5+ Kf6 53. Rf5+ Kg6 54. Re5 Kf6 55. Re8 Kf7 56. Re5 Kf6 57. Rf5+ Kg6 1/2-1/2